000 00292nam a2200133Ia 4500
100 _aRajaraman/V
250 _a3
942 _cBK
654 _aprogramming
245 _aComputer programming in fortran -77
260 _bprentice hall
_aNew Delhi
_c1988
300 _a182
546 _aENGLISH
999 _c24134
_d24134